| 000 | 00445cam a22001695a 4500 | ||
|---|---|---|---|
| 001 | ##L134597 | ||
| 008 | 060818s1950 xxk 000 0 eng u | ||
| 035 | _a(Sirsi) u134597 | ||
| 041 | 0 | _aeng | |
| 110 | 2 |
_aRoyal Institution of Chartered Surveyors _94900 |
|
| 245 | 0 | 4 | _aThe building surveyor |
| 260 |
_aLondon _bRICS _c[ca. 1950] |
||
| 300 |
_a2p. _c21cm. |
||
| 651 | 4 |
_aUnited Kingdom _y |
|
| 690 |
_aBuilding surveying _96225 |
||
| 942 | _n0 | ||
| 999 |
_c105737 _d105737 |
||